000 00621nam a2200217Ia 4500
001 16056
003 GE_BSU
008 181216s||||||||xx |||||||||||||| ||und||
040 _cGE_BSU
080 _a821.353.1-1
100 _aჯაბუშანური, გაბრიელ
245 _aარაგვიანი
245 _bლექსები
245 _cრედ.ე.ასტვაცატუროვი
260 _aთბილისი
260 _bფედერაცია
260 _c1940
300 _a98გვ. ; 16სმ
653 _aარაგვიანი
942 _cBK
999 _c49146
_d49146